书目信息 |
| 题名: |
吴尔夫经典散文选
|
|
| 作者: | 吴尔夫 著 ;刘炳善, 译 | |
| 分册: | ||
| 出版信息: | 北京 外语教学与研究出版社 2020.05 |
|
| 页数: | xii, 263页 | |
| 开本: | 21cm | |
| 丛书名: | 英语散文经典名家名译 | |
| 单 册: | ||
| 中图分类: | H319.4:I561.65 | |
| 科图分类: | ||
| 主题词: | 散文集--san wen ji--英国--现代--英语--汉语--对照读物 | |
| 电子资源: | ||
| ISBN: | 978-7-5213-1665-0 | |
| 000 | 01351nam 2200301 450 | |
| 001 | 0100015825 | |
| 005 | 20200929160439.0 | |
| 010 | @a978-7-5213-1665-0@dCNY35.00 | |
| 100 | @a20200720d2020 em y0chiy50 ea | |
| 101 | 1 | @achi@aeng@ceng |
| 102 | @aCN@b110000 | |
| 105 | @ay z 000cy | |
| 106 | @ar | |
| 200 | 1 | @a吴尔夫经典散文选@Awu er fu jing dian san wen xuan@d= Selected essays of Virginia Woolf@f(英) 弗吉尼亚·吴尔夫著@g刘炳善译@zeng |
| 210 | @a北京@c外语教学与研究出版社@d2020.05 | |
| 215 | @axii, 263页@d21cm | |
| 225 | 2 | @a英语散文经典名家名译@Aying yu san wen jing dian ming jia ming yi |
| 300 | @a英汉对照 | |
| 314 | @a弗吉尼亚·吴尔夫, 英国小说家、散文家和文学评论家, 意识流文学的代表人物之一。刘炳善, 翻译家, 外国文学专家。 | |
| 330 | @a本书英文原文取自英国女作家弗吉尼亚·吴尔夫的文学评论集《普通读者》及其续编。12篇文章中既有作者阐述自己创作与批评原则的文章, 也有作者评论英国文学史上一些男女作家以及其他方面有代表性的文章。 | |
| 410 | 0 | @12001 @a英语散文经典名家名译 |
| 500 | 10 | @aSelected essays of Virginia Woolf@mChinese |
| 606 | 0 | @a散文集@Asan wen ji@y英国@z现代@x英语@x汉语@j对照读物 |
| 690 | @aH319.4:I561.65@v5 | |
| 701 | 1 | @a吴尔夫@Awu er fu@g(Woolf, Virginia),@f1882-1941@4著 |
| 702 | 0 | @a刘炳善,@Aliu bing shan@f1927-2010@4译 |
| 801 | 0 | @aCN@c20200720 |
| 905 | @a河南城建学院图书馆@dH319.4@f3@eW771 | |
| 吴尔夫经典散文选= Selected essays of Virginia Woolf/(英) 弗吉尼亚·吴尔夫著/刘炳善译.-北京:外语教学与研究出版社,2020.05 |
| xii, 263页;21cm.-(英语散文经典名家名译) |
| 英汉对照 |
| ISBN 978-7-5213-1665-0:CNY35.00 |
| 本书英文原文取自英国女作家弗吉尼亚·吴尔夫的文学评论集《普通读者》及其续编。12篇文章中既有作者阐述自己创作与批评原则的文章, 也有作者评论英国文学史上一些男女作家以及其他方面有代表性的文章。 |
| ● |
| 相关链接 |
|
|
|
正题名:吴尔夫经典散文选
索取号:H319.4/W771
 
预约/预借
| 序号 | 登录号 | 条形码 | 馆藏地/架位号 | 状态 | 备注 |
| 1 | 1492449 | 214924493 | 语言库209/209语言库 49排4列6层/ [索取号:H319.4/W771] | 在馆 | |
| 2 | 1492450 | 214924509 | 语言库209/209语言库 49排4列6层/ [索取号:H319.4/W771] | 在馆 | |
| 3 | 1492451 | 214924518 | 语言库209/209语言库 49排4列6层/ [索取号:H319.4/W771] | 在馆 |